Viscosity of dense fluids /

Bibliographic Details
Main Author: Stephan, K. (Karl), 1930-
Other Authors: Lucas, K.
Format: Book
Language:English
Published: New York : Plenum Press, [1979]
Subjects:

MARC

Tag First Indicator Second Indicator Subfields
LEADER 00000pam a2200000 i 4500
001 in00000048672
005 20151007073605.0
008 790927s1979 nyua b 00110 eng
010 |a  79022620  
020 |a 030640320X 
035 |a (OCoLC)05564374 
035 |9 AAE9993AM 
040 |a DLC  |c DLC  |d TXA  |d UtOrBLW 
049 |a TXAM  |c [1191980] 
050 0 0 |a QC189  |b .S84 
082 0 |a 532/.58 
100 1 |a Stephan, K.  |q (Karl),  |d 1930- 
245 1 0 |a Viscosity of dense fluids /  |c K. Stephan and K. Lucas. 
264 1 |a New York :  |b Plenum Press,  |c [1979] 
264 4 |c ©1979 
300 |a xii, 268 pages :  |b illustrations ;  |c 29 cm. 
336 |a text  |b txt  |2 rdacontent 
337 |a unmediated  |b n  |2 rdamedia 
338 |a volume  |b nc  |2 rdacarrier 
500 |a Includes index. 
504 |a Bibliography: pages 256-264. 
650 0 |a Viscosity. 
650 0 |a Fluids. 
700 1 |a Lucas, K. 
999 |a MARS 
999 f f |s 0b513fa0-32ee-315b-bf29-561f3fe0e9a1  |i c097ffff-33a6-3c74-af69-a66b85e3b5e5  |t 0 
952 f f |p normal  |a Texas A&M University  |b College Station  |c Sterling C. Evans Library  |d Evans: Library Stacks  |t 0  |e QC189 .S84  |h Library of Congress classification  |i unmediated -- volume  |m A14804616347 
998 f f |a QC189 .S84  |t 0  |l Evans: Library Stacks